Homoeopathic materia medica of graphic drug pictures and clinical comments, (Record no. 90420)

MARC details
000 -LEADER
fixed length control field 00696cam a22002291 4500
001 - CONTROL NUMBER
control field sg 44000178
003 - CONTROL NUMBER IDENTIFIER
control field DLC
005 - DATE AND TIME OF LATEST TRANSACTION
control field 20260227112743.0
008 - FIXED-LENGTH DATA ELEMENTS--GENERAL INFORMATION
fixed length control field 810815s1944 xx 000 0 eng
010 ## - LIBRARY OF CONGRESS CONTROL NUMBER
LC control number sg 44000178
035 ## - SYSTEM CONTROL NUMBER
System control number (OCoLC)14745725
040 ## - CATALOGING SOURCE
Original cataloging agency DLC
Transcribing agency DNLM
Modifying agency PPCP
-- DLC
042 ## - AUTHENTICATION CODE
Authentication code premarc
050 00 - LIBRARY OF CONGRESS CALL NUMBER
Classification number RX601
Item number .P8
060 0# - NATIONAL LIBRARY OF MEDICINE CALL NUMBER
Classification number WB 930
Item number P981h 1944
100 1# - MAIN ENTRY--PERSONAL NAME
Personal name Pulford, Alfred,
Dates associated with a name 1863-
245 10 - TITLE STATEMENT
Title Homoeopathic materia medica of graphic drug pictures and clinical comments,
Statement of responsibility, etc. by Pulford ...
260 ## - PUBLICATION, DISTRIBUTION, ETC.
Place of publication, distribution, etc. Toledo, O.,
Date of publication, distribution, etc. c1944.
300 ## - PHYSICAL DESCRIPTION
Extent 318, [8] p.
500 ## - GENERAL NOTE
General note "Copyright ... by Drs. Alfred and Dayton Turner Pulford."
700 1# - ADDED ENTRY--PERSONAL NAME
Personal name Pulford, D. T.
Fuller form of name (Dayton Turner)

No items available.

Powered by Koha